=LDR 00000nam 2200000 4500 =001 NUTBA000000000005196 =005 20201217120719 =035 ##$$a 0010-101400000000426 =008 201217################g##########0#ind## =020 ##$$a 978.602.8871-72 =040 ##$$a NBPDMAT =082 ##$$a 327.095 98 =090 ##$$a 327.095 98 Riz p =100 ##$$a Rizal, M.S. =245 1#$$a Peranan Indonesia dalam gerakan non blok /$c M.S. Rizal =250 ##$$a Cet.2.-- =260 ##$$a Jakarta : :$b Rama Edukasi Jawa,$c 2011 =300 ##$$a iv, 56 hlm. : $b ilus. ; $c 25 x18 cm. =500 ##$$a Bibliografi hlm : 56 =650 #4$$a Hubungan Internasional - Indonesia =850 ##$$a NBPDMAT =084 ##$$a 327.095 98 RIZ p =990 ##$$a 21412332 =990 ##$$a 21412333 =990 ##$$a 21412334 =990 ##$$a 21412335 =990 ##$$a 21412336